000 00706nam a2200253 i 4500
001 12549
003 ES-MaACL
005 20230906150336.0
007 t|
008 960828s1996 sp ||||0| spa j
020 _a84-08-01708-X
040 _aM-BN
_bspa
_cM-BN
080 _a291.1(038)
100 1 _aTrías, Eugenio.
_9111368
245 1 0 _aDiccionario del espíritu /
_cEugenio Trías.
250 _a1ª ed.
260 _aBarcelona :
_bPlaneta,
_c1996.
300 _a234 p ;
_c21 cm.
490 1 _aDiccionarios de autor
650 1 4 _aReligión-
_xFilosofía-
_vDiccionarios.
_916800
830 0 _aDiccionarios de autor
_9178733
852 _aES-MaACL
_jL-19909
_bR.125603
999 _c12549
_d12549